Регионална библиотека "Любен Каравелов" - Русе

Неизвестната война (Запис номер 205371)

MARC детайли
000 -Лидер
Контролно поле с фиксирана дължина 02650nam a2200529 c 4500
003 - Код на организацията, давaща контролен номер
Контролно поле BLK
005 - Дата и час на последна редакция
Контролно поле 20230419135726.0
008 - Елементи от данни с фиксирана дължина
fixed length control field 180411b bul|||||r ||||||| ||bul||
010 ## - Наследен системен номер
LC control number KNG00214976000
020 ## - Международен стандартен номер на книга ISBN
Международен стандартен номер на книга ISBN 978-954-733-932-3
040 ## - Източник на каталожния запис
Идентификатор на билиотеката - собственик на записа BLK
041 ## - Код за език
Код за езика на текст/звукозапис или на отделно заглавие Български
Код за езика КДБФ Български
072 #7 - Код за тематичната категория
Код организация bullib
Код за тематична категория Н92
Текст История Н
080 ## - УДК
Текстов определител УДК История на Втората световна война (1939-1945)
УДК код - определител по УДК 94(100)"1939/1945"
УДК определител (093.3)
УДК - код + определител 94(100)"1939/1945"(093.3)
080 ## - УДК
Текстов определител УДК Специални пехотни части - Командоси. Парашутни части. Въздушно-десантни части
УДК код - определител по УДК 356.16
УДК определител (430)(091)(093.3)
УДК - код + определител 356.16(430)(091)(093.3)
080 ## - УДК
Текстов определител УДК Разузнавателна служба. Тайна служба. Шпионаж. Разузнавателна информация. Вж и 327.84 ; 344.1
УДК код - определител по УДК 355.40
УДК определител :355.48(100)"1939/45"(093.3)
УДК - код + определител 355.40:355.48(100)"1939/45"(093.3)
080 ## - УДК
Текстов определител УДК История на Германия
УДК код - определител по УДК 94(430)
УДК определител (093.3)
УДК - код + определител 94(430)(093.3)
100 1# - Редна дума - Автор
Автор Скорцени, Ото
Авторска отговорност първи автор
R(LIN) 120992
139 ## - Редно поле
Редна дума Скорцени, Ото
Авторски знак Ско - С 40
245 10 - Сведения за заглавието
Заглавие Неизвестната война
Подзаглавни данни Моите тайни операции : Кн. 1 -
Редно поле (дума) Ото Скорцени; прев. Георги Рачев.
Том Кн. 1
257 ## - Страна на издаване
Страна на създаване/издаване Германия
260 ## - Област на издателските данни
Година на издаване 2017
300 ## - Физическа характеристика
Размери/Мащаб 20 см
380 ## - Жанр
Жанр История
490 1# - СЕРИИ (Колекции)
Име на серия Поредица Хроника
500 ## - Общи забележки
Забележка Ориг. загл. Meine Komando-Unternehmen / Otto Skorzeni.
650 #4 - Допълнително описание по предмет – тема
Основно описание – тема или топоним Втора световна война - спомени
9 (RLIN) 243237
650 #4 - Допълнително описание по предмет – тема
Основно описание – тема или топоним Въоръжени сили - Германия
9 (RLIN) 250573
650 #4 - Допълнително описание по предмет – тема
Основно описание – тема или топоним Шпионаж и диверсия - Германия - история
9 (RLIN) 259333
650 #4 - Допълнително описание по предмет – тема
Основно описание – тема или топоним Разузнаване - Германия - история
9 (RLIN) 295420
650 #4 - Допълнително описание по предмет – тема
Основно описание – тема или топоним Националсоциализъм - Германия
9 (RLIN) 163821
650 #4 - Допълнително описание по предмет – тема
Основно описание – тема или топоним Германия - военно дело - политика - история
9 (RLIN) 350673
651 #4 - Допълнително описание по предмет - топоним
Географско понятие Германия
9 (RLIN) 178754
653 ## - Ключова дума – ненормативна
Ключова дума Втора световна война
653 ## - Ключова дума – ненормативна
Ключова дума въоръжени сили
653 ## - Ключова дума – ненормативна
Ключова дума разузнаване
653 ## - Ключова дума – ненормативна
Ключова дума диверсии
653 ## - Ключова дума – ненормативна
Ключова дума спомени
659 ## - Тематичен бюлетин
Тематичен бюлетин Н
700 1# - Други автори (авторска отговорност)
Лично име Рачев, Георги
Автороска отговорност (Описва отношението между автора и произведението) прев.
9 (RLIN) 367672
760 1# - Описание на основната серия
Редна дума на основното описание Скорцени, Ото
Място на издаване, издател и година Прозорец, 2017
Страници - том 320 с. : със сн.
Заглавие Кн. 1
852 ## - Местоположение
Форматна сигнатура Цб 290126
856 4# - Електронен адрес и достъп
Електронен формат pdf - файл
856 4# - Електронен адрес и достъп
Електронен формат pdf - файл
999 ## - СИСТЕМНИ КОНТРОЛНИ НОМЕРА
Koha biblionumber 205371
Koha biblioitemnumber 205371
942 ## - АРТИКУЛИ
Вид на библиотечния материал Книги
Скрит в OPAC Не
Koha issues (borrowed), all copies 14
Периодичен библиозапис Да
944 ## - СЪЗДАВАНЕ И РЕДАКЦИЯ на ЗАПИСА
Създаване/Редакция Създаване
Дата на регистрацията/редакция 17.12.2017
Статус, дата на статуса ф /
Служител, извършил регистрацията/редакцията Виолета_Тройчева
944 ## - СЪЗДАВАНЕ И РЕДАКЦИЯ на ЗАПИСА
Създаване/Редакция Редакция
Дата на регистрацията/редакция 09.02.2018
Статус, дата на статуса ф /
Служител, извършил регистрацията/редакцията Людмила_Стоянова
999 ## - СИСТЕМНИ КОНТРОЛНИ НОМЕРА
Koha biblioitemnumber 205371
999 ## - СИСТЕМНИ КОНТРОЛНИ НОМЕРА
Koha biblioitemnumber 205371
Наличности
Код за отписване Код за изгубен артикул Източник на класификационната схема Код за повреда Коз за рестрикции Код за отдаване Артикулен № Име на библиотеката - собственик Име на библиотеката, в която се намира в момента Статус (Текущо местоположение) Дата на вписване в системата Местоположение - отдел Цена в лева Инвентарен номер Систематично азбучна сигнатура Баркод Номер на екземпляра Цена в евро Служебна бележка Служебен тип на артикула
  Не е изгубен Universal Decimal Classification Не е повреден без рестрикции заемане за дома 353655 Регионална библиотека "Любен Каравелов" Русе Регионална библиотека "Любен Каравелов" Русе Заемна - подръчен фонд 2017-12-15 Заемна - подръчен фонд 19.00 120000818274 94(100)"1939/1945"/С 40 О 120000818274 1 9.71 Дост: Pk Вид: Ф N: 498 Дата: 15.12.2017 Дата инв: 15.02.2018 Бележки инв: П2018 Книги
  Не е изгубен Universal Decimal Classification Не е повреден без рестрикции ползва се в читалня 680111 Регионална библиотека "Любен Каравелов" Русе Регионална библиотека "Любен Каравелов" Русе Хранилище 2018-09-07 Хранилище 19.00 120000822798 Цб 290126 120000822798   9.71   Книги
Vip Innovations Ltd, Rousse, Bulgaria 2025